Szczegóły MARC21

Najstarsze karty z dziejów Szczecina : informator do wystawy w Muzeum Historii Szczecina, Oddziale Muzeum Narodowego w Szczecinie = Die ältesten Karten zur Geschichte Stettins : Informationsblatt zur Ausstellung des Museums für Geschichte der Stadt, der Abteilung des Nationalmuseums Szczecin /

003 -Nazwa inst., której nr kontr. jest w polu 001 [,]
    • @
    • Nazwa instytucji, której n kontrolny jest w polu 001
    • NUKAT
005 -DATA I CZAS OSTATNIEJ MODYFIKACJI [,]
    • @
    • pole kontrolne
    • 20260407154109.0
040 -Instytucja sporządzająca opis [ , ]
    • a
    • Instytucja, która sporządziła opis (NP)
    • WR U/bk
    • c
    • Instytucja, która sporządziła rekord (NP)
    • WR U/bk
    • d
    • Instytucja, która zmodyfikowała rekord (P)
    • WR U/dl
    • d
    • Instytucja, która zmodyfikowała rekord (P)
    • WR O/GWs
041 -Język dokumentu [1, ]
    • a
    • Język tekstu (P)
    • polski
    • a
    • Język tekstu (P)
    • niemiecki
    • h
    • Język tekstu oryginalnego i/lub pośredniego (P)
    • polski
942 -Rodzaj dokumentu [ , ]
    • c
    • Rodzaj dokumentu
    • Książka
100 -Hasło główne - nazwa osobowa [1, ]
    • a
    • Nazwa osobowa (NP)
    • Kozińska, Bogdana
    • d
    • Daty biograficzne (NP)
    • (1954- ).
    • 9
    • KHW
    • 11101
245 -Strefa tytułu i oznaczenia odpowiedzialności [1,0]
    • a
    • Tytuł
    • Najstarsze karty z dziejów Szczecina : Find
    • b
    • Ciąg dalszy tytułu (NP)
    • informator do wystawy w Muzeum Historii Szczecina, Oddziale Muzeum Narodowego w Szczecinie = Die ältesten Karten zur Geschichte Stettins : Informationsblatt zur Ausstellung des Museums für Geschichte der Stadt, der Abteilung des Nationalmuseums Szczecin / Find
    • c
    • Pozostałe elementy strefy tytułu i oznaczenia odpowiedzialności (NP)
    • [tekst Bogdana Kozińska ; współpr. Eugeniusz Wilgocki ; tł. na jęz. niem. Juliusz Wasik] ; Muzeum Narodowe w Szczecinie.
246 -Wariant tytułu [3,1]
    • a
    • Tytuł (NP)
    • Ältesten Karten zur Geschichte Stettins
260 -Strefa adresu wydawniczego [ , ]
    • a
    • Miejsce wydania (P)
    • Szczecin :
    • b
    • Nazwa wydawcy (P)
    • MN,
    • c
    • Data wydania (P)
    • 2003.
300 -Strefa opisu fizycznego [ , ]
    • a
    • Określenie formy książki i/lub objętość (NP)
    • 48 s. :
    • b
    • Oznaczenie ilustracji (NP)
    • il., fot. ;
    • c
    • Format (NP)
    • 21 cm.
336 -Typ zawartości [ , ]
    • a
    • Termin opisujący typ zawartości
    • Tekst
    • b
    • Kod określający zawartość
    • txt
    • 2
    • Źródło (terminu i kodu)
    • rdacontent
337 -Typ mediów [ , ]
    • a
    • Tryb odtwarzania
    • Bez urządzenia pośredniczącego
    • b
    • Kod typu mediów
    • n
    • 2
    • Źródło (terminu i kodu)
    • rdamedia
338 -Typ/rodzaj nośnika [ , ]
    • a
    • Hasło opisujące typ nośnika
    • Wolumin
    • b
    • Kod typu nośnika
    • nc
    • 2
    • Źródło (terminu i kodu)
    • rdacarrier
504 -Uwaga dot. bibliogr. załącznikowej [ , ]
    • a
    • Uwaga dot. bibliografii załącznikowej
    • Bibliogr. s. 48.
546 -Uwaga dot. języka [ , ]
    • a
    • Uwaga dot. języka
    • Tekst równol. pol.-niem.
080 -Uniwersalna Klasyfikacja Dziesiętna [ , ]
    • a
    • Symbol klasyfikacji
    • 943.8Szczeci(063)
651 -Hasło przedmiotowe w formie nazwy geograficznej [ ,7]
    • a
    • Nazwa geograficzna
    • Szczecin (Polska)
    • x
    • Określnik rzeczowy
    • historia
    • v
    • Określnik formalny
    • katalogi wystaw.
    • 2
    • Źródło terminu
    • kaba
    • 9
    • KHW
    • 528557
980 -Symbol UKD [ , ]
    • a
    • UKD
    • 943.8Szczeci(063)
700 -Hasło dodatkowe - nazwa osobowa [1, ]
    • a
    • Nazwa osobowa (NP)
    • Wilgocki, Eugeniusz Gwidon Find
    • d
    • Daty biograficzne (NP)
    • (1952-2004).
    • e
    • Określenie rodzaju współpracy
    • Oprac.
    • 9
    • KHW
    • 257185
700 -Hasło dodatkowe - nazwa osobowa [1, ]
    • a
    • Nazwa osobowa (NP)
    • Wasik, Juliusz Find
    • d
    • Daty biograficzne (NP)
    • (1953-2005).
    • e
    • Określenie rodzaju współpracy
    • Tł.
    • 9
    • KHW
    • 523221
Status udost. Sygnatura Numer inwentarzowy Data inwentaryzacji Lokalizacja
1Z.106380Z.1063802006-06-14BG